Currículo y evaluación en Matemática: un estudio en tres décadas de cambios en la educación básica / Gloria Garcia O. (Registro nro. 11384)

Detalles MARC
000 -LEADER
fixed length control field 00643nam a22001931a 4500
001 - CONTROL NUMBER
control field 11384
003 - CONTROL NUMBER IDENTIFIER
control field OSt
005 - DATE AND TIME OF LATEST TRANSACTION
control field 20260204212240.0
008 - FIXED-LENGTH DATA ELEMENTS--GENERAL INFORMATION
fixed length control field 121001s2003||||ck ||||||b||||||||||spa||
020 ## - NUMERO DE LIBRO INTERNACIONAL NORMALIZADO
International Standard Book Number 9582006749
050 ## - LIBRARY OF CONGRESS CALL NUMBER
Classification number 510.7 G165c
100 ## - ASIENTO PRINCIPAL -- NOMBRE PERSONAL
Personal name Garcia O., Gloria
245 ## - TÍTULO PROPIAMENTE DICHO: SUBTÍTULO
Title Currículo y evaluación en Matemática: un estudio en tres décadas de cambios en la educación básica / Gloria Garcia O.
264 ## - PRODUCTION, PUBLICATION, DISTRIBUTION, MANUFACTURE, AND COPYRIGHT NOTICE
Place of production, publication, distribution, manufacture Colombia : Cooperativa editorial Magisterio
490 ## - MENCIÓN DE SERIE
Series statement (Colección Didáctica)
500 ## - GENERAL NOTE
General note Incluye bibliografia
650 ## - ASIENTO SECUNDARIO DE MATERIA -- TERMINO TEMÁTICO
Termino Temático Como Elemento de Entrada 1 Matematica - Enseñanza2 Didactica - Matemática - PedagogíaÌ
942 ## - ADDED ENTRY ELEMENTS (KOHA)
Source of classification or shelving scheme Dewey Decimal Classification
Koha item type Libros
Existencias
Withdrawn status Lost status Source of classification or shelving scheme Damaged status Not for loan Current library Date acquired Total Checkouts Full call number Barcode Date last seen Price effective from Koha item type
    Dewey Decimal Classification     Biblioteca UTECO 09/09/2019   510.7 G165C 015970 09/09/2019 09/09/2019 Libros
    Dewey Decimal Classification     Biblioteca UTECO 09/09/2019   510.7 G165C 015971 09/09/2019 09/09/2019 Libros
    Dewey Decimal Classification     Biblioteca UTECO 09/09/2019   510.7 G165C 015972 09/09/2019 09/09/2019 Libros
© 2021 Derechos Reservados UTECO - Teléfono: +1 809-585-2291 - Correo electrónico: biblioteca@uteco.edu.do​  
Código postal 43000 ​​
Dirección: Avenida Universitaria No. 100, 
Cotuí, Provincia Sánchez Ramírez, República Dominicana - RNC: 404-00059-6